[Event "Asia-ch"]
[Site "Kolkata"]
[Date "2001.08.13"]
[Round "6"]
[White "Al Modiahki, Mohamad"]
[Black "Yurtaev, Leonid"]
[Result "1-0"]
[WhiteElo "2492"]
[BlackElo "2543"]
[Annotator "Finkel,A"]
[PlyCount "91"]
[EventDate "2001.08.09"]
[EventType "swiss"]
[EventRounds "11"]
[EventCountry "IND"]
[SourceTitle "CBM 085"]
[Source "ChessBase"]
[SourceDate "2001.11.13"]
[SourceVersion "1"]
[SourceVersionDate "2001.11.13"]
[SourceQuality "1"]

1. e4 g6 2. d4 Bg7 3. Nc3 c6 4. Bc4 d5 5. exd5 b5 6. Bb3 b4 {Quiet rare
variation, however promising black good counterchanses.} 7. Na4 cxd5 8. Nc5 (8.
Nf3 Nf6 9. O-O O-O 10. c4 bxc3 11. Nxc3 Nc6 12. Ne5 Bb7 13. Nxc6 Bxc6 14. Re1
e6 $13 {Marinescu,M-Castaldo,F/Ceriano Laghetto op 1997}) 8... Nf6 9. Nf3 (9.
Bd2 Nc6 10. Ba4 Qb6 11. Bxc6+ Qxc6 12. Bxb4 Ne4 13. Ne2 Rb8 14. Nd3 Ba6 15. Ba3
$16 {Galdunts,S-Shurygin,S/Pardubice op 1995}) 9... O-O 10. Ne5 (10. Bg5 Nc6
11. Bxf6 Bxf6 {1/2-1/2 Bokros,A-Khruschiov,A/World Youth bu16 1998}) (10. O-O
Nbd7 (10... Qc7 11. Re1 Nc6 12. h3 e6 13. Be3 Nd7 14. Nxd7 Bxd7 15. Qd2 a5 $13
{Hobaica,J-Pesuto,I/ARG-chT 1993}) 11. Nd3 (11. Bf4 Qb6 12. Nd3 a5 13. a3 Ba6
14. axb4 axb4 15. Ra4 Bxd3 16. Qxd3 Rxa4 $11 {Ginsburg,G-Schmidlechner,A/OLO
qual 1995}) 11... a5 12. a3 bxa3 13. Rxa3 Bb7 14. c3 Ne4 $13 {Majigsuren,
D-Touzane,O/Budapest FS10 IM-B 1995}) 10... Na6 11. Ncd3 Qb6 {Preparing Nc7
followed by Ba6} (11... Bf5 12. O-O Qb6 13. Be3 Nc7 14. a3 bxa3 15. Rxa3 Bxd3
16. Qxd3 e6 17. Rfa1 $14) 12. Be3 Nc7 13. a3 bxa3 14. Rxa3 Nb5 (14... Nd7 15.
O-O Nxe5 16. dxe5 Qb8 (16... Qe6 17. Rxa7 Rxa7 18. Bxa7 Bxe5 19. Re1 f6 20.
Nxe5 fxe5 21. Bb8 $1 $18 {[%csl Rd5,Re5]}) 17. Qd2 Bf5 18. Rfa1 $14) 15. Ra2
Nd6 (15... Nxd4 $2 16. Ra4 $18 {[%cal Ge3b6]}) 16. Nc5 (16. O-O) 16... Nf5 17.
O-O a5 18. g4 $5 {Quiet risky move, weakening the position of white king.} Nxe3
(18... Nxg4 $6 19. Nxg4 h5 20. Ne5 (20. Bxd5 Ra7 21. h3 Qd6 $1 {[%csl Rd4]} 22.
Qf3 hxg4 23. hxg4 Nxd4 $15) 20... Bxe5 21. Na4 $1 Qa7 (21... Bxh2+ 22. Kxh2
Qd6+ 23. Kh1 $16) 22. dxe5 Nxe3 23. fxe3 Qxe3+ 24. Rf2 Qxe5 25. Ra1 $14) 19.
fxe3 h6 20. Qf3 e6 21. h4 Qc7 (21... Ba6 22. Rf2) 22. Ba4 $1 {[%csl Gd7]
Preventing from the black knight to come to d7.} (22. g5 $6 hxg5 23. hxg5 Nh7
$15 {[%csl Re5,Rg5]}) 22... g5 $6 {Possible continuation, but there was no
threat from white to play g5.} (22... Nh7 $6 23. Ned7 Bxd7 24. Nxd7 $18 {
[%csl Rf7]}) 23. hxg5 hxg5 24. Qh3 Ne4 (24... Ba6 25. Rf2 $16 {[%cal Gf2h2]})
25. Nxe4 dxe4 26. Rf2 Bb7 $4 {Decisive mistake leaving black with hopeless
position.} (26... Bxe5 27. dxe5 Qxe5 28. Rh2 Qg7 29. Bc6 Rb8 30. Bxe4 Rd8 $132)
27. Rh2 Rfd8 28. Qh7+ Kf8 29. Ng6+ $1 $18 fxg6 30. Rf2+ Qf4 31. Qxg6 $2 (31.
exf4 e3 32. Rf1 $18) 31... Rxd4 $5 32. Rxf4+ (32. exf4 Rd1+ 33. Kh2 e3 34. Re2
gxf4 35. Kh3 $18) 32... gxf4 33. Ra1 Rd6 34. Qg5 f3 (34... fxe3 35. Qf4+ Ke7
36. Rf1 Rf8 37. Qg5+ Bf6 38. Qxa5 $18 {[%cal Ga5c7]}) 35. Qc5 Rad8 36. Rd1 Be5
$8 37. Rxd6 Bxd6 38. Qb6 Be7 39. c3 $1 {[%csl Gd1]} (39. Qxb7 $4 Rd1+ 40. Kh2 (
40. Kf2 Bh4#) 40... Bd6+ 41. Kh3 Rh1#) 39... Bd5 40. Qc7 Bh4 $2 (40... Bg5 41.
Kf1 $18) 41. c4 Ba8 42. Qf4+ Kg8 43. g5 {[%csl Rh4]} Bc6 (43... Be1 44. g6 Rf8
45. Qh6 $18) 44. Qxh4 Bxa4 45. Qxe4 Rf8 46. Qg6+ 1-0

[Event "EU-ch 6th"]
[Site "Warsaw"]
[Date "2005.06.29"]
[Round "11"]
[White "Czarnota, Pawel"]
[Black "Socko, Bartosz"]
[Result "0-1"]
[WhiteElo "2478"]
[BlackElo "2583"]
[Annotator "Finkel,A"]
[PlyCount "110"]
[EventDate "2005.06.18"]
[EventType "swiss"]
[EventRounds "13"]
[EventCountry "POL"]
[SourceTitle "CBM 108"]
[Source "ChessBase"]
[SourceDate "2005.09.26"]
[SourceVersion "1"]
[SourceVersionDate "2005.09.26"]
[SourceQuality "1"]

1. e4 g6 2. d4 Bg7 3. Nc3 d6 4. Be3 a6 5. a4 Nf6 6. h3 b6 7. f4 $6 (7. Nf3 O-O
8. Bc4 $1 Nc6 9. e5 Ne8 10. Bf4 Na5 11. Ba2 c5 12. dxc5 bxc5 13. exd6 Nxd6 14.
Nd5 e6 $4 15. Bxd6 {1-0 Short,N-Speelman,J/Swansea 1987}) (7. e5 Nfd7 8. exd6
$6 cxd6 9. Bc4 Bb7 10. Bd5 Bxd5 11. Nxd5 e6 12. Nb4 d5 13. Nf3 O-O 14. O-O Qe7
$11 {Thorhallsson,T-Zaichik,G/New York 1996}) (7. g3 Bb7 8. Bg2 Nbd7 9. Nge2 b5
10. O-O b4 11. Nd5 Nxd5 12. exd5 Nf6 13. Nf4 a5 $13 {Reinaldo Castineira,
R-Kogan,A/Andorra 2000}) (7. Bc4 Nc6 8. d5 Ne5 9. Ba2 O-O 10. f4 Ned7 11. Qf3
b5 12. a5 Bb7 13. Nge2 c5 14. dxc6 Bxc6 15. O-O b4 16. Nd4 Bb7 $132 {Ravi,
T-Conquest,S/Mumbai 2004}) (7. Qd2 Bb7 8. Bd3 Nbd7 9. f4 e5 10. Nf3 exd4 11.
Bxd4 O-O $13 {Drljevic,L-Petrovic,M/Pancevo 2005}) 7... Bb7 8. Bd3 Nc6 9. e5 {
Advance of e-pawn is white's most natural plan.} (9. Nf3 Nb4 10. O-O O-O 11.
Qd2 (11. Qe1 c5 12. Qh4 $2 c4 {[%csl Rc2]} 13. Bxc4 Nxc2 $19) 11... c5 12. d5
e6 13. dxe6 fxe6 $132) 9... dxe5 10. fxe5 Nd5 11. Nxd5 Qxd5 12. Qd2 Nb4 13. Nf3
Nxd3+ 14. Qxd3 O-O 15. O-O ({It was too early for} 15. c4 $6 {[%csl Rd4,Re5]
because after} Qd7 {white's center is under sever attack} 16. O-O (16. d5 e6
17. O-O exd5 18. Rad1 Qxa4 19. cxd5 Rfd8 $17) 16... Bxf3 17. Rxf3 Bxe5 $15)
15... b5 16. b3 b4 17. a5 $5 {[%csl Rb4][%cal Ga1a4]} (17. c4 bxc3 18. Qxc3
Rac8 19. Rac1 f6 $132) 17... Rad8 18. Ra4 c5 19. dxc5 Qxd3 20. cxd3 Rxd3 21.
Rxb4 Bd5 (21... Bxf3 22. Rxf3 Bxe5 23. Kf2 f5 24. Bh6 Rxf3+ 25. Kxf3 Rc8 26.
Be3 $16 {[%csl Ra6][%cal Gb4b6]}) 22. Rd4 $2 {Unfortunate mistake in a very
promising position. After correct} (22. Kf2 Rc8 (22... Bxb3 $2 {[%csl Rb3]} 23.
Ne1 Rc3 24. Bd2 $18) (22... Rxb3 $6 23. Rxb3 Bxb3 24. Rb1 Bd5 25. Rb6 Ra8 26.
c6 Bxf3 (26... Rc8 27. c7 Be6 28. Rb8 Bd7 29. Bc5 $18 {[%cal Gf3d4,Gd4c6]}) 27.
Kxf3 Bxe5 28. Bf4 Bxf4 29. Kxf4 Kg7 30. Ke5 $18) 23. Rb1 Bxf3 24. gxf3 Bxe5 25.
Rb6 $16 {black would have to work very hard to secure half a point.}) 22...
Rxd4 23. Bxd4 Rb8 24. Rc1 (24. Nd2 Bh6 25. Rd1 Bxd2 26. Rxd2 Rxb3 $11) 24...
Bh6 25. Rc3 $6 (25. Rc2 Bc6 26. Rc3 Rb5 27. e6 f6 28. Bf2 Rxa5 $132) 25... Rxb3
26. Rxb3 Bxb3 $15 27. c6 (27. Kf2 Bd5 28. Be3 Bg7 29. Bf4 Kf8 30. Ke3 Ke8 31.
Kd4 Bc6 $15) 27... Kf8 28. Bb6 (28. c7 Be6 29. Bc5 Ke8 30. Nd4 Kd7 31. Nxe6
fxe6 32. Kf2 Bd2 $17) 28... Ke8 29. Kf2 Bd5 30. c7 Kd7 31. h4 (31. Kg3 $5)
31... Bg7 32. Ne1 Bxe5 33. Nd3 Bxc7 34. Nc5+ Kc6 35. Bxc7 Kxc7 36. Nxa6+ Kc6
37. Nb8+ $6 {[%csl Rb8]} (37. Nb4+ Kc5 38. Nd3+ Kb5 39. a6 f6 40. g4 Ba8 41. a7
Kb6 42. g5 Kxa7 43. Nc5 $17 {[%cal Gc5e6,Ge6f8]}) 37... Kd6 38. g4 f5 39. g5 f4
$19 40. Na6 e5 41. Nb4 e4 42. a6 Ba8 43. a7 Bb7 44. Ke1 Ke5 45. Na6 Kf5 46. Nc7
Kg4 47. a8=Q Bxa8 48. Nxa8 Kxh4 49. Nb6 Kxg5 50. Nc4 h5 51. Kf2 Kf6 52. Nd6 e3+
53. Kf3 g5 54. Ne4+ Kg6 55. Nd6 g4+ 0-1

[Event "EST-ch int"]
[Site "Puhajarve"]
[Date "2001.08.14"]
[Round "7"]
[White "Kveinys, Aloyzas"]
[Black "Kiik, Kalle"]
[Result "1-0"]
[WhiteElo "2535"]
[BlackElo "2449"]
[Annotator "Finkel,A"]
[PlyCount "69"]
[EventDate "2001.08.08"]
[EventType "tourn"]
[EventRounds "11"]
[EventCountry "EST"]
[EventCategory "9"]
[SourceTitle "CBM 085"]
[Source "ChessBase"]
[SourceDate "2001.11.13"]
[SourceVersion "1"]
[SourceVersionDate "2001.11.13"]
[SourceQuality "1"]

1. Nf3 g6 2. d4 Bg7 3. e4 d6 4. Bc4 c6 5. Qe2 (5. Bb3 Nf6 6. Qe2 e5 (6... O-O
7. O-O Bg4 8. h3 Bxf3 9. Qxf3 Nbd7 10. c3 e5 11. Be3 Qe7 12. Nd2 $14 {Lipka,
J-Nedela,V/CZE-chT 9596 1996}) 7. dxe5 dxe5 8. Bd2 Qe7 9. Na3 O-O 10. Nc4 Nh5
11. a4 Na6 12. O-O Nf4 13. Qe3 $13 {Pedersen,D-Andersen,J/DEN-chT 9495}) 5...
d5 (5... Nf6 6. e5 dxe5 (6... Nd5 7. O-O O-O 8. c3 (8. Re1 Bf5 9. c3 Nd7 10.
Nbd2 dxe5 11. Bxd5 $2 cxd5 12. Nxe5 Nxe5 13. dxe5 d4 $15 {Craps,B-Hendriks,W/
Lost Boys op 1997}) 8... Na6 9. h3 Nac7 10. Re1 b5 11. Bb3 Nb6 12. Bf4 Be6 13.
Bc2 $14 {Badestein,H-Doering,O/OL-NO9394 1994}) 7. dxe5 Nd5 8. Bd2 O-O 9. Nc3
e6 10. O-O-O Nd7 11. h4 $36 {Creus,M-Descarrega,M/Catalunya-chT 1996}) 6. Bb3 (
6. exd5 cxd5 7. Bb5+ Bd7 8. Nc3 Nc6 $6 9. Nxd5 Nxd4 10. Nxd4 Bxd4 11. O-O $36 {
Cocchi,A-Adinolfi,V/Open 2000}) 6... Nf6 $6 {Better is natural} (6... dxe4 7.
Qxe4 Bf5 8. Qh4 Nf6 9. Bh6 $14 {with minimal advantage to white.}) 7. e5 Nfd7 (
7... Ng8 8. Nbd2 Bg4 9. h3 Bxf3 10. Nxf3 e6 11. O-O Nd7 12. Be3 $14 {Trimp,
M-De Rooij,R/NLD-chT9596}) 8. O-O O-O 9. Bf4 Nb6 (9... b6 10. Re1 Ba6 11. Qe3
$16) 10. Nbd2 Na6 11. Qe3 Nc7 12. Bh6 Bg4 13. Bxg7 Kxg7 14. Ng5 {White has
very comfortable advantage because black is totally deprived of counterplay} (
14. c3) 14... Ne6 (14... f6 15. Qg3 Qd7 16. Ngf3) 15. h3 Nxg5 (15... Bf5 16.
Nxe6+ Bxe6 17. c3 $14 {[%cal Gb3c2,Gf2f5]}) 16. hxg4 f6 17. f4 Nf7 18. c3 Qc8
19. Qg3 (19. f5 Ng5 20. Rae1 Qd7 21. Bc2 $14) 19... c5 (19... fxe5 20. dxe5 Qc7
21. Rae1 $14) 20. Nf3 cxd4 21. exf6+ (21. cxd4) 21... exf6 22. Nxd4 Qd7 23. g5
f5 {More in the spirit of the position waas} (23... fxg5 24. fxg5 (24. f5 gxf5
25. Nxf5+ Kh8 26. Qe3 Rae8 27. Qd4+ Ne5 28. Ne3 $13) 24... Rae8 25. Rf6 Nc4 26.
Rd1 $14 {[%cal Gb3c4,Gd4e6] but also in this case white keeps better chanses.})
24. a4 $5 Qd6 25. a5 Nc4 (25... Nd7 26. Qf3 $16 {[%csl Rd5]}) 26. Qf2 Kg8 27.
Rfd1 Rfc8 28. Bxc4 Rxc4 (28... dxc4 29. Nxf5 {[%cal Gd1d6]}) 29. Re1 Qc5 30.
Qe3 $1 {Preventing Nd6} (30. Re6 $2 Nd6 $132) 30... Rc8 31. Re2 a6 32. Rae1 Qf8
(32... Qxa5 33. Qe8+ $1 Rxe8 34. Rxe8+ Kg7 35. Ne6#) 33. Qf3 Qc5 $2 (33... Qd8
34. Re7 R4c7 35. R7e3 Qd7 $16) 34. Re8+ Kg7 35. Qf2 $1 {[%cal Gd4e6]} 1-0

[Event "EU-ch 6th"]
[Site "Warsaw"]
[Date "2005.06.26"]
[Round "8"]
[White "Maze, Sebastien"]
[Black "Nyback, Tomi"]
[Result "1/2-1/2"]
[WhiteElo "2470"]
[BlackElo "2551"]
[Annotator "Finkel,A"]
[PlyCount "80"]
[EventDate "2005.06.18"]
[EventType "swiss"]
[EventRounds "13"]
[EventCountry "POL"]
[SourceTitle "CBM 108"]
[Source "ChessBase"]
[SourceDate "2005.09.26"]
[SourceVersion "1"]
[SourceVersionDate "2005.09.26"]
[SourceQuality "1"]

1. e4 g6 2. d4 Bg7 3. Nc3 d6 4. Be3 a6 5. Qd2 Nd7 6. h4 h6 $5 {This move aimed
against h5 and Bh6 was used by Gurevich on a couple of occasions, but it's
quite a risky plan since black can no longer castle to the kingside.} 7. f3 b5
8. O-O-O (8. Nh3 Bb7 (8... Ngf6 9. g4 Nb6 10. g5 hxg5 11. Nxg5 Bb7 12. a4 b4
13. Nd1 a5 14. c3 Ba6 15. Bxa6 Rxa6 16. cxb4 axb4 17. Qxb4 O-O $44 {Koziak,
V-Svidler,P/Warsaw 1999}) 9. Nf2 Ngf6 10. O-O-O Nb6 11. Bd3 Qd7 12. g4 O-O-O
13. Kb1 Kb8 14. Ne2 Qc8 15. Qa5 Nfd7 $14 {Boudre,J-Bricard,E/France 1993}) (8.
g4 h5 9. g5 (9. gxh5 Rxh5 10. Nge2 e6 (10... Ngf6 11. Ng3 Rh8 12. O-O-O Bb7 13.
Qg2 e6 14. Be2 Qe7 15. a4 b4 16. Na2 a5 17. Kb1 Nb6 $13 {Gruzmann,B-Richardson,
K/Dresden 2005}) 11. Bg5 Bf6 12. f4 Be7 13. Ng3 Rh8 14. f5 gxf5 15. exf5 Nb6
16. O-O-O b4 17. Nce4 Nd5 18. fxe6 Bxe6 19. Bxe7 Ngxe7 20. Ng5 $16 {Sedina,
E-Pavlovic,M/Bern 1999}) 9... e6 10. Nge2 Ne7 11. Ng3 d5 (11... Bb7 12. Be2 c5
13. Rf1 Qc7 14. O-O-O b4 15. Na4 Qa5 16. b3 Bc6 $17 {Kuipers,E-Gurevich,M/
Vlissingen 1997}) 12. Nce2 Bb7 13. c3 Qc8 14. Bh3 c5 15. O-O Qc6 $132 {Xie
Jun-Gurevich,M/Haarlem 1997}) (8. h5 g5 9. Nge2 e6 10. d5 Ne7 11. Nd4 b4 12.
dxe6 bxc3 13. exd7+ Qxd7 14. bxc3 d5 $36 {Lakos,N-Gurevich,M/Aaland-Stockholm
1997}) (8. Nge2 Bb7 (8... e6 9. g4 Ne7 10. Ng3 Bb7 11. Bg2 d5 12. e5 c5 13. f4
cxd4 14. Bxd4 Nc6 15. Bf2 Bf8 16. Nce2 $14 {Zhang Pengxiang-Haub,T/Bad
Woerishofen 2005}) 9. d5 (9. g3 e6 10. Bg2 Ne7 11. O-O c5 12. Nd1 cxd4 13. Bxd4
e5 14. Bf2 Nb6 $15 {Kalezic,B-Lazic,M/Budva 2003}) 9... e6 (9... Ne5 10. Nd4
Nf6 11. a4 bxa4 12. Nxa4 Nfd7 13. Be2 c5 14. Nb3 Nb6 15. Na5 Bc8 16. O-O Bd7
17. Nxb6 Qxb6 18. c3 $16 {David,A-Hackel,M/Germany 1999}) 10. dxe6 fxe6 11. Nf4
Nf8 12. g3 Qf6 13. Bh3 Ne7 14. O-O Qf7 15. Nd3 g5 16. a4 gxh4 17. axb5 $36 {
David,A-Beim,V/Austria 1999}) (8. a4 b4 9. Nd1 a5 10. Nf2 Ngf6 11. Bb5 Bb7 12.
Ne2 c6 13. Bd3 e5 14. c3 bxc3 15. bxc3 h5 16. Bg5 Qc7 17. O-O O-O $13 {Reefat,
B-Rahman,Z/Dhaka 2005}) 8... Bb7 (8... Ngf6 9. Nge2 Bb7 10. g4 c5 11. Bg2 b4
12. Nb1 Qa5 13. a3 Nb6 14. g5 Ng8 15. gxh6 Nxh6 16. b3 $14 {1-0 Nemec,B-Schmid,
W/ICCF Email 1999 (27)}) (8... Nb6 9. a3 Nf6 10. g4 h5 11. gxh5 Nxh5 12. Bd3 c6
13. Qf2 d5 14. exd5 cxd5 15. Bg5 Bf5 16. Bxf5 gxf5 17. Re1 f6 18. Bd2 Nc4 $15 {
Sedlak,N-Nevednichy,V/Djakovo 2005}) 9. g4 (9. Nh3 Rc8 10. Kb1 e6 11. Nf4 Ne7
12. d5 e5 13. Nd3 Nb6 14. Nb4 Nc4 15. Bxc4 bxc4 16. Qe2 a5 17. Nc6 Nxc6 18.
dxc6 Bxc6 19. Qxc4 Bd7 $132 {Arapovic,V-Kogan,A/Porec 1998}) 9... c6 (9... Nb6
$5 10. Bd3 Nf6 11. Nge2 b4 12. Nb1 a5 13. Ng3 h5 14. g5 Nfd7 $13) 10. Kb1 Qc7
11. Nce2 $5 {Transferring the knight to g3.} Nb6 12. Ng3 Nf6 13. h5 g5 14. Be2
$14 {[%cal Gf3f4]} O-O-O 15. Nh3 e6 16. Qa5 $6 {[%csl Ra5] Looking for
troubles! The queen has nothing to do on a5, especially due to the fact that
after c5 white has to play c3.} Nfd7 (16... c5 17. c3 cxd4 18. Bxd4 Nc4 19.
Qxc7+ Kxc7 20. Rhe1 $14) 17. f4 gxf4 18. Bxf4 c5 19. c3 Rhg8 $6 (19... e5 20.
dxe5 Bxe5 21. Rhf1 Kb8 22. Ka1 Rde8 $13) 20. Rhf1 $1 Bf8 21. g5 $6 hxg5 22.
Bxg5 f6 23. Bh4 d5 24. Nf4 Re8 25. exd5 exd5 $6 {[%csl Rf5]} (25... Nxd5 26.
Qxc7+ Kxc7 27. Nxd5+ Bxd5 $15 {[%csl Rg3,Rh4]}) 26. dxc5 $6 {It was important
to keep square e5 under control since after a move in the game black knight
could be transferred to c6 via e5.} Bxc5 27. h6 $2 Bd6 $6 (27... Ne5 $1 {
[%csl Ra5][%cal Ge5c6]} 28. Bxb5 axb5 29. Qxb5 Nec4 $17) 28. Ngh5 Rh8 29. Nxf6
Nxf6 (29... Rxe2 $1 30. Nxe2 Nxf6 31. Bxf6 Qh7+ 32. Ka1 Nc4 33. Bxh8 Nxa5 34.
Bg7 Nc4 $19) 30. Bxf6 Rxh6 (30... Rxe2 31. Ka1 Ree8 32. Bxh8 Rxh8 33. Ne6 Qc6
34. Nd4 Qc5 35. Ne6 $11) 31. Bg4+ Kb8 32. Ne6 Qc6 33. Nd4 Qc5 34. Ne6 Qe3 35.
Rfe1 Qxe1 $1 36. Rxe1 Nc4 37. Be7 $1 $11 Nxa5 (37... Rxe7 $2 38. Qd8+ $18) 38.
Bxd6+ Ka7 39. Bc5+ Kb8 40. Bd6+ Ka7 1/2-1/2

[Event "American Continental 3rd"]
[Site "Buenos Aires"]
[Date "2005.08.08"]
[Round "3"]
[White "Amura, Claudia Noemi"]
[Black "Gonzalez Zamora, Juan Carlos"]
[Result "1-0"]
[WhiteElo "2372"]
[BlackElo "2546"]
[Annotator "Finkel,A"]
[PlyCount "77"]
[EventDate "2005.08.06"]
[EventType "swiss"]
[EventRounds "11"]
[EventCountry "ARG"]
[SourceTitle "CBM 109"]
[Source "ChessBase"]
[SourceDate "2005.11.14"]
[SourceVersion "1"]
[SourceVersionDate "2005.11.14"]
[SourceQuality "1"]

1. d4 g6 2. Nc3 Bg7 3. e4 d6 4. Bc4 c6 5. Qf3 e6 6. Nge2 Ne7 $6 {In most of
the cases the knight is better placed on f6, so it's more flexible to play} (
6... Nd7 {not commiting the knight to e7.}) 7. h4 h6 8. Bf4 $6 {Basically
white intends to push h5 at some point, so there is no need to put a bishop on
f4 since white will have to waste a tempo after ...g5.} ({Very good plan was
introduced by white in the following game:} 8. Bb3 Nd7 9. h5 g5 10. Be3 Qc7 11.
Qg3 e5 12. O-O-O Rg8 13. f3 Nb6 14. dxe5 Bxe5 15. Qf2 Be6 16. f4 gxf4 17. Bxf4
Bxf4+ 18. Qxf4 $16 {Slapikas,V-Labuckas,A/Vilnius 2000}) 8... b5 (8... d5 9.
Bb3 Nd7 10. Qg3 Nf6 11. e5 Nh5 12. Qd3 Nxf4 13. Nxf4 h5 14. Nce2 Bd7 15. c3 Qa5
$13 {Sobjerg,E-Moller,H/Aarhus 1991}) 9. Bb3 a5 10. a4 (10. a3 $5 Ba6 11. Qg3
Nc8 12. Nd1 Qe7 13. c3 $6 Nd7 14. Be3 Ncb6 15. O-O b4 16. Re1 a4 17. Bc2 b3 18.
Bb1 Nc4 $13 {Jonkman,H-Van der Wiel,J/Vlissingen 1998}) 10... b4 11. Nb1 Ba6 ({
It's too dangerous to open up the position by} 11... c5 $6 {since white pieces
are much better placed:} 12. c3 Ba6 13. dxc5 dxc5 14. Nd2 Bxe2 15. Qxe2 bxc3
16. bxc3 Bxc3 17. Rc1 Bd4 18. Nc4 $36) 12. Nd2 d5 (12... c5 13. dxc5 Bxb2 14.
Rd1 Bxe2 15. Qxe2 dxc5 16. Nc4 Bc3+ 17. Kf1 $16 Bd4 18. Nd6+ Kf8 19. Qf3 $16)
13. c4 O-O (13... bxc3 14. bxc3 Nd7) 14. h5 f5 $2 {This is a losing mistake.
After a move in the game black gets a hopeless position without any sort of a
counterplay.} (14... g5 15. Bh2 f5 $132) 15. exd5 g5 16. d6 $1 $16 Nc8 (16...
gxf4 17. dxe7 Qxe7 18. Nxf4 $16) 17. c5 $1 {[%csl Rb8,Rc8] This piece
sacrifice promises white much btter chances as black pieces are locked on the
queenside without a chance to to get away from the trap.} (17. Be5 $6 Nxd6 18.
c5 Bxe5 19. dxe5 Nb7 20. Bxe6+ Kh8 $13) 17... Bxe2 18. Qxe2 gxf4 19. Qxe6+ Kh8
20. O-O-O Rf6 (20... Qf6 21. Nf3 Qxe6 22. Bxe6 Bf6 23. Rhe1 Rd8 24. Ne5 $16)
21. Qc4 Nd7 22. Nf3 Nxd6 {Black doesn't want to suffer any longer so he
decides to give back a piece to get some space for his pieces.} 23. cxd6 Rxd6
24. Nh4 Qg5 (24... Qf6 25. Qc2 {[%csl Rf5]} Nb6 26. Nxf5 $18) 25. Ng6+ (25. Qc2
$4 f3+) 25... Kh7 26. Kb1 Rd8 27. Rhe1 {[%cal Ge1e7]} Rf6 (27... c5 28. Re7
cxd4 29. Rxg7+ Kxg7 30. Qf7#) 28. Re7 Nb6 29. Qc5 $1 $18 {Going after a bishop
on g7.} Nd5 (29... Nc8 30. Rc7 Re8 31. Rxc6 Rxc6 32. Qxc6 $18) 30. Bxd5 cxd5
31. Qc7 {[%csl Rg7]} Rg8 32. Nxf4 b3 33. Rde1 Kh8 34. Re8 Rxe8 35. Rxe8+ Kh7
36. Re7 Qg4 37. f3 Qg3 (37... Qg5 38. Nxd5 Rf8 39. Nf4 Qf6 40. Rxg7+ Qxg7 41.
Qxg7+ Kxg7 42. Ne6+ $18) 38. Nxd5 Rd6 39. Nf6+ $1 1-0